000 00647nam a2200193Ia 4500
003 GCL
008 140319s9999 xx 000 0 ara d
040 _aGCL /
_cGCL
082 0 4 _aد
_b050
100 1 _aمحمد عزيز شكرى
245 1 0 _aالاحلاف والتكتلات فى السياسة العالمية (عالم المعرفة 7) /
_cمحمد عزيز شكرى
300 _a253 ص
490 _aعالم المعرفة
_v0
650 0 4 _aالسياسة الدولية
650 0 4 _aالتاريخ الدبلوماسى
650 0 4 _aالعلوم السياسية
650 0 4 _aالاحلاف العسكرية
942 _2ddc
_cBK
999 _c50253
_d50253